| 000 | 01274 a2200205 4500 | ||
|---|---|---|---|
| 020 | _a076455400X (paperback) | ||
| 020 | _a9780764554001 (paperback) | ||
| 082 | 0 | 4 | _a658.4 |
| 090 |
_c5235 _d5235 |
||
| 100 | 1 | _aCatlin, Katherine. | |
| 245 | 1 | 0 |
_aBuilding the awesome organization : _bsix essential components that drive entrepreneurial growth / _cKatherine Catlin, Jana B. Matthews, Kauffman Center for Entrepreneurial Lead. |
| 250 | _a1st ed. | ||
| 260 |
_a[S.l.] : _bWiley, _c2002. |
||
| 300 |
_a224 p. ; _c24 cm. |
||
| 520 | _aBuilding the Awesome Organization discusses the eight components of an awesome organization. This book will help you to realize the core competencies for growth. It describes the processes, policies and systems that support growth. Find out how to attract and retain awesome peoplea and develop an environment that motivates and empowers people to achieve extraordinary results. Explore the responsibilities of the leader and the expectations others have of the role that the leader of an entrepreneurial company will play. | ||
| 700 | 1 | _aMatthews, Jana B. | |
| 700 | 1 | _aLead, Kauffman Center for Entrepreneurial. | |
| 856 | 4 | 0 |
_3Amazon.com _uhttp://www.amazon.com/exec/obidos/ASIN/076455400X/chopaconline-20 |
| 942 |
_aNBS _cBK _k658.4 CAT |
||
| 999 |
_c347653 _d347653 |
||